000 00614nam a2200181 i 4500
001 28177
003 ES-MaACL
007 t|
008 030116s1982 sp ||||1| spa d
100 1 _aBachiller Cacho, Alfredo.
_924477
245 1 0 _aGestión económico-financiera del circulante /
_cAlfredo Bachiller Cacho, Alberto Lafuente Félez, Vicente Salas Fumás.
260 _aMadrid :
_bPirámide,
_c[1982]
300 _a374 p. ;
_c23 cm.
700 1 _aLafuente Félez, Alberto.
_969537
700 1 _aSalas Fumás, Vicente.
_9101758
852 _aES-MaACL
_jL-4626
_bR.104380
852 _aES-MaACL
_jL-6956
_bR.107926
999 _c28177
_d28177